1808 1249 1014 1246 1929 1931 1379 1664 1946 1201 1820 1392 1634 1900 1614 1793 1813 1330 1528 1295 1345 1886 1216 1503 1636 1424 1805 1181 1812 1447 1237 1847 1280 1878 1753 1264 1399 1823 1700 1778 1030 1792 1018 1273 1054 1256 1960 1342 1279 1048 1393 1129 1463 1409 1279 1499 1390 1144 1263 1239 1139 1609 1598 1339 1171 1909 1700 1358 1992 1325 1955 1580 1113 1754 1143 1694 1489 1380 1254 1964 1106 1990 1911 1968 1115 1172 1115 1415 1477 1606 1162 1902 1603 1738 1001 1281 1574 1914 1619 BCNSPRNW ULIB Ver.6.0+V

เปลี่ยนเป็นภาษาไทย

Change to English
 แสดงรายละเอียดบรรณานุกรม
  กลับหน้าหลัก

Brief Record : Get Marc (ISO 2709) : E-mail record : QR code < ปิดหน้าต่าง
LEADER : 00000nam 2200000uu 4500
001    13399108353
003     ULIB
008    110301s2544||||th 000 0 tha d
020    9749011988
060 04 WY105^bพ489ก 2544
100 0  พวงรัตน์ บุญญานุรักษ์
245 00 ก้าวใหม่สู่บทบาทใหม่ในการบริหารการพยาบาล /^cพวงรัตน์บุญญานุรักษ์
250    พิมพ์ครั้งที่ 1
260    กรุงเทพฯ :^bวังใหม่บลูพรินต์,^c2544
300    [5], 184 หน้า ;^c30 ซม.
650  7 การพยาบาล^xองศ์การและการบริหาร
650  7 การบริหารการพยาบาล
650  7 การบริหาร
700 0  พวงรัตน์ บุญญานุรักษ์,^eบรรณาธิการ
945    ^p220^l0^i015424
945    ^p220^l0^i014916
945    ^p220^l0^i014914
945    ^p220^l0^i014915
945    ^p220^l0^i014913
945    ^p220^l0^i014911
945    ^p220^l0^i014910
945    ^p220^l0^i014909
945    ^p220^l0^i014917
945    ^p220^l0^i014912
995    เกษร
999 ^a ใช้งานได้ทุกระบบ
รายการนี้ยังไม่มีแท็ก
คุณยังไม่ได้ล็อกอิน คุณสามารถมีกิจกรรมร่วมกับเว็บไซต์ได้ แต่ต้องล็อกอินก่อน ::
  ล็อกอิน

รายการสื่อสารสนเทศ

ลำดับที่ ประเภท เลขเรียก/บาร์โค้ด สถานที่ สถานะ
- ไม่พบข้อมูล -

รายการใกล้เคียง
    ผู้แต่ง [พวงรัตน์ บุญญานุรักษ์]

    หัวเรื่อง [การบริหารการพยาบาล]
    หัวเรื่อง [การบริหาร]

BibComment


ยังไม่เคยถูกคอมเมนท์

คอมเมนท์ทรัพยากรรายการนี้
  คอมเมนท์: ก้าวใหม่สู่บทบาทใ..


 Copyright 2026. Bcnsprnw @Library